[Event "SC-2021-0-00411"]
[Site "LSS email"]
[Date "2021.09.21"]
[Round "?"]
[White "Weiser, Robert"]
[Black "Metz, Larry R"]
[Result "1-0"]
[WhiteElo "1620"]
[BlackElo "1727"]
[PlyCount "73"]
[EventDate "2021.06.04"]
[EventType "tourn (corr)"]
[EventRounds "6"]
[EventCountry "GER"]
[SourceTitle "Corr 2024"]
[Source "ChessBase"]
[SourceDate "2023.10.19"]
[SourceVersion "1"]
[SourceVersionDate "2023.10.19"]
[SourceQuality "1"]

1. d4 Nf6 2. c4 e6 3. Nc3 Nc6 4. e4 Bb4 5. e5 Ne4 6. Qc2 f5 7. exf6 Nxf6 8. Nf3 0-0 9. Bd3 b6 10. 0-0 Bb7 11. Ne2 Bd6 12. a3 Qe8 13. c5 Be7 14. b4 Nd8 15. Ng5 g6 16. Nf4 Nd5 17. Nxg6 Bxg5 18. Bxg5 hxg6 19. Bxg6 Nf7 20. Rab1 Kg7 21. Rb3 Rh8 22. Rg3 Kf8 23. h4 Ne7 24. Bf6 Rh6 25. h5 a5 26. b5 Bd5 27. Qc1 Nf5 28. Rh3 d6 29. g4 Qxb5 30. gxf5 Qc4 31. Rc3 Qe2 32. f3 bxc5 33. Rf2 Qa6 34. Bh4 Qb5 35. Bxf7 Kxf7 36. Qxh6 Rg8+ 37. Kh2 1-0

[Event "SC-2020-0-00394"]
[Site "LSS email"]
[Date "2020.08.21"]
[Round "?"]
[White "Martins, Karin"]
[Black "Metz, Larry R"]
[Result "1/2-1/2"]
[WhiteElo "1694"]
[BlackElo "1707"]
[PlyCount "57"]
[EventDate "2020.06.04"]
[EventType "tourn (corr)"]
[EventRounds "6"]
[EventCountry "GER"]
[SourceTitle "Corr 2024"]
[Source "ChessBase"]
[SourceDate "2023.10.19"]
[SourceVersion "1"]
[SourceVersionDate "2023.10.19"]
[SourceQuality "1"]

1. e4 c5 2. Nf3 Nc6 3. d4 cxd4 4. Nxd4 e5 5. Nb5 d6 6. a4 Be6 7. N1c3 a6 8. Na3 Nf6 9. Bc4 Be7 10. Bg5 Nxe4 11. Nxe4 d5 12. Bxe7 Kxe7 13. Qh5 dxc4 14. 0-0 f6 15. c3 Qb6 16. Nc2 Rad8 17. Ne3 Rd3 18. Rae1 Na5 19. Ng4 Nc6 20. Ne3 Nd8 21. Qe2 Nf7 22. b4 Rhd8 23. Qh5 Nh6 24. Qh4 Bf7 25. Rc1 Qc6 26. Nc5 Kf8 27. a5 Kg8 28. Rfe1 Be6 29. Qe4 1/2-1/2

[Event "SC-2019-0-00369"]
[Site "LSS email"]
[Date "2019.03.08"]
[Round "?"]
[White "Obukhov, Gennady Nikolaevich"]
[Black "Metz, Larry R"]
[Result "1-0"]
[WhiteElo "1816"]
[BlackElo "1708"]
[PlyCount "99"]
[EventDate "2018.12.29"]
[EventType "tourn (corr)"]
[EventRounds "6"]
[EventCountry "GER"]
[SourceTitle "Corr 2022"]
[Source "ChessBase"]
[SourceDate "2021.10.24"]
[SourceVersion "1"]
[SourceVersionDate "2021.10.24"]
[SourceQuality "1"]

1. e4 c5 2. Nf3 Nc6 3. d4 cxd4 4. Nxd4 e5 5. Nb5 d6 6. N1c3 a6 7. Na3 Nf6 8. Nc4 b5 9. Ne3 b4 10. Ncd5 Nxe4 11. a3 b3 12. cxb3 Nd4 13. Bc4 Be7 14. b4 0-0 15. 0-0 Nf6 16. b3 g6 17. Bb2 Nf5 18. Qe2 Nxe3 19. Nxe3 a5 20. bxa5 Qxa5 21. b4 Qb6 22. b5 Bb7 23. a4 Rfc8 24. Rfd1 Qa5 25. Qd3 Qb4 26. Ba3 Qxa4 27. Bxd6 Qxa1 28. Bxe7 e4 29. Qb3 Qe5 30. Bd6 Qh5 31. Bxf7+ Kg7 32. Be6 Re8 33. Rc1 Kh8 34. Bf7 Rec8 35. Rxc8+ Rxc8 36. Qb2 Kg7 37. Be6 Re8 38. Bd7 Kf7 39. Bxe8+ Nxe8 40. Qb3+ Kg7 41. Ba3 Qg5 42. Qb4 Qf4 43. Ng4 Nd6 44. Qd4+ Kf7 45. Ne5+ Kg7 46. Qxd6 Qf6 47. Qc7+ Kg8 48. Qb8+ Kg7 49. Qxb7+ Kh8 50. Bb2 1-0

[Event "SC-2018-0-00355"]
[Site "LSS email"]
[Date "2018.07.01"]
[Round "?"]
[White "Metz, Larry R"]
[Black "Cleto, Dirceu Jr"]
[Result "1-0"]
[WhiteElo "1709"]
[BlackElo "2183"]
[PlyCount "23"]
[EventDate "2018.05.28"]
[EventType "tourn (corr)"]
[EventRounds "6"]
[EventCountry "GER"]
[SourceTitle "Corr 2022"]
[Source "ChessBase"]
[SourceDate "2021.10.24"]
[SourceVersion "1"]
[SourceVersionDate "2021.10.24"]
[SourceQuality "1"]

1. e4 c5 2. Nf3 d6 3. Bc4 Nf6 4. Nc3 a6 5. d4 b5 6. Bd5 Nxd5 7. exd5 Bb7 8. dxc5 dxc5 9. Be3 Nd7 10. 0-0 Nf6 11. Qe2 Nxd5 12. Rfd1 1-0

[Event "SC-2017-0-00338"]
[Site "LSS email"]
[Date "2017.12.08"]
[Round "?"]
[White "Linart, Ludvik"]
[Black "Metz, Larry R"]
[Result "1-0"]
[WhiteElo "1670"]
[BlackElo "1711"]
[PlyCount "109"]
[EventDate "2017.10.21"]
[EventType "tourn (corr)"]
[EventRounds "6"]
[EventCountry "GER"]
[SourceTitle "Corr 2022"]
[Source "ChessBase"]
[SourceDate "2021.10.24"]
[SourceVersion "1"]
[SourceVersionDate "2021.10.24"]
[SourceQuality "1"]

1. d4 Nf6 2. Nf3 d5 3. c4 e6 4. Nc3 Nc6 5. a3 Bd6 6. Bg5 Be7 7. e3 0-0 8. Qc2 h6 9. Bh4 a6 10. Rc1 Na5 11. cxd5 exd5 12. Bd3 c6 13. 0-0 Be6 14. Ne2 g5 15. Bg3 Bd6 16. Bxd6 Qxd6 17. Ne5 Ng4 18. Nxg4 Bxg4 19. Ng3 b5 20. Qc3 Nc4 21. e4 dxe4 22. Nxe4 Qg6 23. Rfe1 Rad8 24. d5 f5 25. Ng3 Qg7 26. f3 f4 27. fxg4 fxg3 28. dxc6 Nxb2 29. Bf5 gxh2+ 30. Kh1 Qxc3 31. Rxc3 Na4 32. Rce3 Nb6 33. c7 Rd6 34. Re7 Rff6 35. Kxh2 Kf8 36. Re8+ Kg7 37. Rb8 Rc6 38. Rxb6 Rxc7 39. Rxf6 Kxf6 40. Re6+ Kg7 41. Rxa6 Rc3 42. Bd7 Rb3 43. Bf5 Kf8 44. Rxh6 Rxa3 45. Rb6 Rb3 46. Rg6 b4 47. Rxg5 Rc3 48. Rg6 b3 49. Rb6 Re3 50. g5 Re5 51. Rb8+ Kg7 52. g4 Re3 53. Kg2 Re7 54. Rxb3 Ra7 55. Kf3 1-0

[Event "SC-2017-0-00338"]
[Site "LSS email"]
[Date "2017.12.04"]
[Round "?"]
[White "Metz, Larry R"]
[Black "Madrid Sole, Antonio"]
[Result "1/2-1/2"]
[WhiteElo "1711"]
[BlackElo "1827"]
[PlyCount "56"]
[EventDate "2017.10.21"]
[EventType "tourn (corr)"]
[EventRounds "6"]
[EventCountry "GER"]
[SourceTitle "Corr 2022"]
[Source "ChessBase"]
[SourceDate "2021.10.24"]
[SourceVersion "1"]
[SourceVersionDate "2021.10.24"]
[SourceQuality "1"]

1. e4 e6 2. d4 d5 3. exd5 exd5 4. Nc3 Nf6 5. Nf3 Bd6 6. Bd3 0-0 7. 0-0 Bg4 8. h3 Bh5 9. g4 Bg6 10. Re1 Bxd3 11. Qxd3 c6 12. Ne5 Nbd7 13. Bf4 Qc7 14. Qf3 h6 15. h4 Ne8 16. g5 hxg5 17. hxg5 g6 18. Qg4 Bxe5 19. dxe5 Nc5 20. Kg2 Ne6 21. Ne2 N8g7 22. Ng3 Rfe8 23. Bd2 Qb6 24. Rh1 Qd4 25. Qh4 Qxh4 26. Rxh4 Kf8 27. Rah1 Ke7 28. Rh7 a5 1/2-1/2

[Event "SC-2017-0-00338"]
[Site "LSS email"]
[Date "2017.12.04"]
[Round "?"]
[White "Sirotkin, Evgenji"]
[Black "Metz, Larry R"]
[Result "0-1"]
[WhiteElo "1835"]
[BlackElo "1711"]
[PlyCount "114"]
[EventDate "2017.10.21"]
[EventType "tourn (corr)"]
[EventRounds "6"]
[EventCountry "GER"]
[SourceTitle "Corr 2022"]
[Source "ChessBase"]
[SourceDate "2021.10.24"]
[SourceVersion "1"]
[SourceVersionDate "2021.10.24"]
[SourceQuality "1"]

1. d4 Nf6 2. c4 e6 3. Nc3 Nc6 4. e4 Bb4 5. e5 Ne4 6. Qc2 f5 7. exf6 Nxf6 8. Nf3 0-0 9. Bd3 b6 10. 0-0 Bb7 11. d5 exd5 12. Nxd5 h6 13. Bd2 Bd6 14. c5 bxc5 15. Qb3 Kh8 16. Nh4 Ne5 17. Nf4 Nxd3 18. Nhg6+ Kh7 19. Nxf8+ Qxf8 20. Qxd3+ Be4 21. Qh3 c4 22. f3 Bxf4 23. Bxf4 Qc5+ 24. Kh1 Bf5 25. Qg3 Rb8 26. Qf2 Qb6 27. Qxb6 Rxb6 28. Rfc1 Nd5 29. Rxc4 Bd3 30. Rd4 Nxf4 31. Rxf4 Rxb2 32. Rd4 Bb5 33. a4 Bc6 34. h4 Re2 35. Rc1 Re5 36. Rdc4 Ra5 37. Kg1 a6 38. Kf2 Rh5 39. Rf4 Ra5 40. g4 Kg8 41. Re1 g5 42. Re8+ Kg7 43. Re7+ Kg8 44. Rb4 Kf8 45. Rh7 Kg8 46. Rxh6 gxh4 47. Rh5 Rxa4 48. Rxa4 Bxa4 49. Rxh4 Bb5 50. f4 a5 51. Rh5 c6 52. Ke3 a4 53. Kd4 d6 54. Rh6 c5+ 55. Kd5 Kg7 56. Rxd6 a3 57. Re6 c4 0-1

[Event "SC-2017-0-00326"]
[Site "LSS email"]
[Date "2017.06.24"]
[Round "?"]
[White "Metz, Larry R"]
[Black "Sandocal, Uzmir"]
[Result "0-1"]
[WhiteElo "1689"]
[BlackElo "1690"]
[PlyCount "216"]
[EventDate "2017.04.28"]
[EventType "tourn (corr)"]
[EventRounds "6"]
[EventCountry "GER"]
[SourceTitle "Corr 2022"]
[Source "ChessBase"]
[SourceDate "2021.10.24"]
[SourceVersion "1"]
[SourceVersionDate "2021.10.24"]
[SourceQuality "1"]

1. e4 e5 2. Nf3 Nc6 3. Bc4 Nf6 4. Ng5 d5 5. exd5 Na5 6. Bb5+ c6 7. dxc6 bxc6 8. Qf3 Be7 9. Bxc6+ Nxc6 10. Qxc6+ Bd7 11. Qf3 Rc8 12. 0-0 0-0 13. Nc3 Ng4 14. Nh3 Rc6 15. d3 Rg6 16. Qe2 Nh6 17. Kh1 Bxh3 18. gxh3 Nf5 19. Qxe5 Nd4 20. Be3 Nxc2 21. Rac1 Re6 22. Qf5 Nxe3 23. fxe3 Rxe3 24. Nd5 Re6 25. Rce1 g6 26. Qf3 Rxe1 27. Rxe1 Bh4 28. Re5 Qc8 29. Nc3 Kg7 30. Ra5 Qd7 31. Rd5 Qb7 32. Qe4 Bf6 33. Rb5 Qc8 34. Kg2 a6 35. Rb6 Qc5 36. Rb7 Bxc3 37. bxc3 Qxc3 38. d4 Qd2+ 39. Kg3 Qxa2 40. Qe5+ Kg8 41. h4 h5 42. d5 Qc4 43. h3 Qd3+ 44. Kh2 Qf3 45. Rb2 Rd8 46. Rd2 Rc8 47. Qe2 Qf4+ 48. Kg2 Rd8 49. Qe1 a5 50. d6 Qb4 51. d7 Kh7 52. Qd1 a4 53. Rd4 Qb2+ 54. Qd2 Qb7+ 55. Kg3 a3 56. Qa5 Qb3+ 57. Kh2 a2 58. Rd2 Qb8+ 59. Kg2 Qb7+ 60. Kh2 Ra8 61. d8Q a1Q 62. Qxa1 Rxa1 63. Qd5 Qa7 64. Qd4 Qc7+ 65. Qd6 Qc1 66. Rg2 Qh1+ 67. Kg3 Qe1+ 68. Kh2 Qxh4 69. Qg3 Qc4 70. Rf2 Ra2 71. Rxa2 Qxa2+ 72. Kg1 Qb1+ 73. Kg2 Qe4+ 74. Kh2 h4 75. Qf2 f5 76. Kg1 Kh6 77. Qd2+ g5 78. Qc3 Kg6 79. Kh2 Qe2+ 80. Kg1 Qe4 81. Kh2 g4 82. hxg4 Qe2+ 83. Kg1 Qxg4+ 84. Kh2 Qe2+ 85. Kh3 Qe4 86. Qa1 Qf3+ 87. Kh2 Qg3+ 88. Kh1 Qf3+ 89. Kh2 Qf2+ 90. Kh1 Qe3 91. Qa2 Qe4+ 92. Kh2 Kg5 93. Qb3 Kf4 94. Qd1 Qe5 95. Kh1 Qe3 96. Qf1+ Qf3+ 97. Kh2 Kg4 98. Qa6 Qf4+ 99. Kg1 h3 100. Qa2 Kh4 101. Kh1 Qf3+ 102. Kh2 Qg2+ 103. Qxg2 hxg2 104. Kxg2 Kg4 105. Kf2 Kf4 106. Kg2 Ke3 107. Kf1 f4 108. Kg2 f3+ 0-1

[Event "SC-2016-0-00310"]
[Site "LSS email"]
[Date "2016.12.02"]
[Round "?"]
[White "Metz, Larry R"]
[Black "Martins, Karin"]
[Result "1/2-1/2"]
[WhiteElo "1693"]
[BlackElo "1799"]
[PlyCount "38"]
[EventDate "2016.10.29"]
[EventType "tourn (corr)"]
[EventRounds "6"]
[EventCountry "GER"]
[SourceTitle "Corr 2022"]
[Source "ChessBase"]
[SourceDate "2021.10.24"]
[SourceVersion "1"]
[SourceVersionDate "2021.10.24"]
[SourceQuality "1"]

1. d4 d5 2. c4 e6 3. Nc3 Bb4 4. e3 c5 5. a3 Bxc3+ 6. bxc3 Ne7 7. Nf3 0-0 8. Bd3 dxc4 9. Bxc4 b6 10. 0-0 Bb7 11. Bd3 Nd7 12. e4 h6 13. Qe2 Rc8 14. a4 Nc6 15. Ba3 Qc7 16. h3 Na5 17. Rfe1 Rfd8 18. Rab1 Qf4 19. Bc1 Qc7 1/2-1/2

[Event "SC-2016-0-00305"]
[Site "LSS email"]
[Date "2016.10.29"]
[Round "?"]
[White "Martins, Karin"]
[Black "Metz, Larry R"]
[Result "1/2-1/2"]
[WhiteElo "1787"]
[BlackElo "1671"]
[PlyCount "41"]
[EventDate "2016.09.09"]
[EventType "tourn (corr)"]
[EventRounds "6"]
[EventCountry "GER"]
[SourceTitle "Corr 2022"]
[Source "ChessBase"]
[SourceDate "2021.10.24"]
[SourceVersion "1"]
[SourceVersionDate "2021.10.24"]
[SourceQuality "1"]

1. e4 c5 2. Nf3 Nc6 3. Bb5 Nd4 4. Nc3 a6 5. Bc4 e6 6. 0-0 b5 7. Bd3 Bb7 8. Nxd4 cxd4 9. Ne2 Nf6 10. f3 Bc5 11. a4 e5 12. axb5 axb5 13. Rxa8 Bxa8 14. Kh1 b4 15. c3 dxc3 16. dxc3 0-0 17. cxb4 Bxb4 18. Qb3 Be7 19. Nc3 Qb8 20. Qa2 Bc6 21. Bc4 1/2-1/2

[Event "SC-2016-0-00305"]
[Site "LSS email"]
[Date "2016.10.29"]
[Round "?"]
[White "Metz, Larry R"]
[Black "Linart, Ludvik"]
[Result "1/2-1/2"]
[WhiteElo "1671"]
[BlackElo "1742"]
[PlyCount "228"]
[EventDate "2016.09.09"]
[EventType "tourn (corr)"]
[EventRounds "6"]
[EventCountry "GER"]
[SourceTitle "Corr 2022"]
[Source "ChessBase"]
[SourceDate "2021.10.24"]
[SourceVersion "1"]
[SourceVersionDate "2021.10.24"]
[SourceQuality "1"]

1. d4 Nf6 2. Nf3 d5 3. g3 c5 4. Bg2 cxd4 5. 0-0 h6 6. Bf4 e6 7. Nxd4 Nbd7 8. Nf3 Bc5 9. Nc3 0-0 10. Na4 Be7 11. Nc3 Bb4 12. Ne5 Re8 13. Qd4 Bc5 14. Qd2 Nxe5 15. Bxe5 Ng4 16. Bd4 Bxd4 17. Qxd4 Nf6 18. Rfd1 Bd7 19. e3 Bc6 20. Rd2 Qe7 21. a3 b5 22. Qb4 Qc7 23. Qf4 Qb7 24. Qb4 a5 25. Qb3 Rec8 26. Ne2 b4 27. Nd4 Bd7 28. f4 a4 29. Qd3 bxa3 30. Qxa3 Rab8 31. c3 Qb6 32. Re2 Re8 33. Rc1 Bb5 34. Ree1 Rec8 35. Rc2 Nd7 36. e4 Bd3 37. Rf2 Bxe4 38. Bxe4 dxe4 39. Rxe4 Nc5 40. Re3 Qa6 41. Qa2 Nb3 42. Nxb3 Rxb3 43. Re4 Rc4 44. Rxc4 Qxc4 45. h4 Qe4 46. Kh2 g5 47. Qa1 gxh4 48. gxh4 a3 49. Qg1+ Kf8 50. bxa3 Rxc3 51. Qg2 Qe3 52. a4 Rb3 53. a5 Qd4 54. a6 Ra3 55. Qa8+ Ke7 56. Qb7+ Kf6 57. Kg2 Qc3 58. Qb2 Qxb2 59. Rxb2 Rxa6 60. Rb5 Ra3 61. Rh5 Kg6 62. Rc5 Rd3 63. Rb5 Rd5 64. Rb7 Rd2+ 65. Kf3 Rd3+ 66. Kg2 Kg7 67. Rc7 h5 68. Rc5 Rd5 69. Rc7 Kg6 70. Re7 Rd4 71. Kf3 Rd2 72. Kg3 Rd8 73. Kf3 Rd3+ 74. Kg2 Re3 75. Rb7 Re2+ 76. Kg3 Re1 77. Kg2 f6 78. Rb5 Rd1 79. Rc5 Rd5 80. Rc3 Kf5 81. Kf3 Rd4 82. Rc5+ e5 83. fxe5 fxe5 84. Kg3 Rg4+ 85. Kh3 Kf4 86. Rb5 Rg3+ 87. Kh2 Re3 88. Kg2 Kg4 89. Rb4+ e4 90. Kf2 Rf3+ 91. Ke2 Kf4 92. Rb5 Ra3 93. Rxh5 Ra2+ 94. Kf1 Kf3 95. Rf5+ Ke3 96. h5 Ra6 97. h6 Rxh6 98. Ra5 Rh1+ 99. Kg2 Rc1 100. Ra2 Rd1 101. Ra3+ Rd3 102. Ra1 Rd2+ 103. Kg3 Ke2 104. Ra4 Rd3+ 105. Kg2 e3 106. Ra1 Rd6 107. Ra2+ Rd2 108. Ra1 Rb2 109. Ra3 Rc2 110. Ra1 Kd2 111. Kf1 Kd3 112. Ra3+ Ke4 113. Ra5 Rh2 114. Ra6 e2+ 1/2-1/2

[Event "SC-2016-0-00305"]
[Site "LSS email"]
[Date "2016.10.28"]
[Round "?"]
[White "Metz, Larry R"]
[Black "Lombart, Philippe"]
[Result "1/2-1/2"]
[WhiteElo "1671"]
[BlackElo "1290"]
[PlyCount "119"]
[EventDate "2016.09.09"]
[EventType "tourn (corr)"]
[EventRounds "6"]
[EventCountry "GER"]
[SourceTitle "Corr 2022"]
[Source "ChessBase"]
[SourceDate "2021.10.24"]
[SourceVersion "1"]
[SourceVersionDate "2021.10.24"]
[SourceQuality "1"]

1. e4 e5 2. Nf3 Nc6 3. Bb5 a6 4. Bxc6 dxc6 5. 0-0 Bg4 6. h3 h5 7. d3 Qf6 8. Nbd2 Bd6 9. d4 Ne7 10. c4 Ng6 11. Qb3 0-0-0 12. c5 Be7 13. dxe5 Qe6 14. hxg4 hxg4 15. Qxe6+ fxe6 16. b4 Rh5 17. g3 gxf3 18. Nxf3 Rd3 19. Kg2 Nxe5 20. Nxe5 Rxe5 21. Re1 a5 22. a3 Rh5 23. Re3 Rd8 24. Bb2 Rh7 25. Be5 Rd2 26. Rf3 g5 27. Rc1 Re2 28. Rc4 Re1 29. g4 a4 30. Rd4 Re2 31. Kf1 Ra2 32. Kg1 Ra1+ 33. Kg2 Ra2 34. Bg3 Rg7 35. Rdd3 Rh7 36. Rd1 Re2 37. Rd4 Rh8 38. Kf1 Ra2 39. Be5 Rh1+ 40. Kg2 Rh7 41. Bg3 Rg7 42. Rdd3 Rh7 43. Rd1 Re2 44. Rd4 Rh8 45. Kf1 Ra2 46. Rf7 Rd8 47. Rc4 Rd1+ 48. Kg2 Bd8 49. Rc3 Re2 50. Kf3 Rdd2 51. Rf8 Re1 52. Be5 Kd7 53. Rf7+ Kc8 54. Rh7 Rf1 55. Rh2 Re1 56. Rh8 Rf1 57. Bg3 Re1 58. Be5 Rf1 59. Bg3 Re1 60. Be5 1/2-1/2

[Event "SD-2016-0-00262"]
[Site "LSS email"]
[Date "2016.08.10"]
[Round "?"]
[White "Metz, Larry R"]
[Black "Moujan, Pablo"]
[Result "1-0"]
[WhiteElo "1656"]
[BlackElo "1550"]
[PlyCount "153"]
[EventDate "2016.06.28"]
[EventType "tourn (corr)"]
[EventRounds "6"]
[EventCountry "GER"]
[SourceTitle "Corr 2022"]
[Source "ChessBase"]
[SourceDate "2021.10.24"]
[SourceVersion "1"]
[SourceVersionDate "2021.10.24"]
[SourceQuality "1"]

1. e4 c5 2. Nf3 e6 3. Nc3 d6 4. d4 cxd4 5. Nxd4 a6 6. Qf3 Nf6 7. Bg5 h6 8. Be3 Nbd7 9. 0-0-0 Qc7 10. Qg3 Nc5 11. f3 b5 12. Bxb5+ Bd7 13. Be2 Rc8 14. Rd2 Nh5 15. Qh3 Nf6 16. g4 e5 17. Nf5 g6 18. Ng3 Qb6 19. Qh4 Bg7 20. Kb1 Rb8 21. b3 Qb4 22. Kb2 Be6 23. Rxd6 Rc8 24. Rc1 Na4+ 25. Nxa4 Qxd6 26. Rd1 Qc6 27. c3 Nd7 28. Nf5 Bf8 29. Qg3 Rb8 30. Kc2 f6 31. Nh4 Kf7 32. Qf2 Ba3 33. c4 Kg7 34. Nc3 Bf7 35. f4 Rhd8 36. g5 fxg5 37. fxg5 h5 38. Rf1 Rf8 39. Nf3 a5 40. Bd2 Bc5 41. Qg3 Bd6 42. Nd5 a4 43. Bc3 axb3+ 44. axb3 Qb7 45. Rb1 Kh7 46. Qh3 Kh8 47. b4 Ra8 48. Nd2 Ra2+ 49. Kd1 Bb8 50. Rc1 Nb6 51. Rc2 Rxc2 52. Kxc2 Qa6 53. Qf1 Qa4+ 54. Nb3 Qa2+ 55. Bb2 Na4 56. Qa1 Qxb2+ 57. Qxb2 Nxb2 58. Kxb2 Bxd5 59. exd5 e4 60. h4 Bg3 61. c5 Bxh4 62. Nd4 Bg3 63. Kc3 h4 64. Bg4 Rf4 65. d6 Rxg4 66. d7 Bc7 67. Ne6 Rg3+ 68. Kc4 Rd3 69. c6 Bg3 70. b5 Kg8 71. b6 Kf7 72. c7 Rxd7 73. c8Q Kxe6 74. Qe8+ Re7 75. Qxg6+ Kd7 76. Qf5+ Kd8 77. g6 1-0

[Event "SD-2016-0-00257"]
[Site "LSS email"]
[Date "2016.06.06"]
[Round "?"]
[White "Metz, Larry R"]
[Black "Evans, Stan"]
[Result "1/2-1/2"]
[WhiteElo "1591"]
[BlackElo "1454"]
[PlyCount "96"]
[EventDate "2016.03.02"]
[EventType "tourn (corr)"]
[EventRounds "6"]
[EventCountry "GER"]
[SourceTitle "Corr 2022"]
[Source "ChessBase"]
[SourceDate "2021.10.24"]
[SourceVersion "1"]
[SourceVersionDate "2021.10.24"]
[SourceQuality "1"]

1. d4 f5 2. Nf3 Nf6 3. g3 e6 4. Bg2 Be7 5. c4 0-0 6. Nc3 d6 7. Qc2 Nc6 8. d5 Nb4 9. Qd2 e5 10. a3 Na6 11. b4 c5 12. 0-0 h6 13. b5 Nc7 14. Ne1 Nd7 15. e4 Bg5 16. Qe2 Bxc1 17. Rxc1 f4 18. Nf3 a6 19. bxa6 Rxa6 20. a4 Nb6 21. Ra1 Bg4 22. h3 Bd7 23. a5 Nc8 24. g4 b6 25. axb6 Nxb6 26. Rfb1 Rxa1 27. Rxa1 Bc8 28. Bf1 Na6 29. Qd2 Nb4 30. Na2 Nxa2 31. Qxa2 Rf7 32. Qa5 Rb7 33. Rb1 Qc7 34. Rb5 Bd7 35. Rb1 g5 36. Be2 Kg7 37. Kg2 Bc8 38. Ra1 Kf6 39. Bd3 Bd7 40. Ra3 Nc8 41. Qc3 Qb6 42. Ra8 Ra7 43. Rxa7 Qxa7 44. Bc2 Nb6 45. Bd1 Qa6 46. Nd2 Kf7 47. Bc2 Kg7 48. Kg1 Kf7 1/2-1/2

[Event "SD-2016-0-00255"]
[Site "LSS email"]
[Date "2016.04.04"]
[Round "?"]
[White "Metz, Larry R"]
[Black "Linart, Ludvik"]
[Result "1/2-1/2"]
[WhiteElo "1592"]
[BlackElo "1548"]
[PlyCount "64"]
[EventDate "2016.02.08"]
[EventType "tourn (corr)"]
[EventRounds "6"]
[EventCountry "GER"]
[SourceTitle "Corr 2022"]
[Source "ChessBase"]
[SourceDate "2021.10.24"]
[SourceVersion "1"]
[SourceVersionDate "2021.10.24"]
[SourceQuality "1"]

1. d4 Nf6 2. c4 e6 3. Nf3 Be7 4. Nc3 d5 5. cxd5 exd5 6. g3 c6 7. Bg2 Bf5 8. 0-0 0-0 9. Nh4 Be6 10. Qc2 Nbd7 11. Nf5 Bxf5 12. Qxf5 Bb4 13. Qd3 Re8 14. a3 Bd6 15. b4 h6 16. b5 Qe7 17. Re1 Ne4 18. bxc6 bxc6 19. Rb1 Nb6 20. Nxe4 dxe4 21. Qa6 c5 22. Rd1 c4 23. Bd2 Bxa3 24. Rb5 Bd6 25. Bh3 Reb8 26. Rdb1 Qb7 27. Qa5 Re8 28. Bc3 Rab8 29. Ra1 Re7 30. Rab1 Ree8 31. Ra1 Re7 32. Rab1 Ree8 1/2-1/2

[Event "SD-2016-0-00255"]
[Site "LSS email"]
[Date "2016.03.31"]
[Round "?"]
[White "Metz, Larry R"]
[Black "Koziol, Pawel"]
[Result "1/2-1/2"]
[WhiteElo "1592"]
[BlackElo "1652"]
[PlyCount "59"]
[EventDate "2016.02.08"]
[EventType "tourn (corr)"]
[EventRounds "6"]
[EventCountry "GER"]
[SourceTitle "Corr 2022"]
[Source "ChessBase"]
[SourceDate "2021.10.24"]
[SourceVersion "1"]
[SourceVersionDate "2021.10.24"]
[SourceQuality "1"]

1. d4 Nf6 2. c4 g6 3. Nc3 Bg7 4. e4 d6 5. h3 0-0 6. Nf3 c5 7. d5 a6 8. Bd3 b5 9. 0-0 b4 10. Ne2 a5 11. a3 Bb7 12. Be3 Nbd7 13. Ng3 Re8 14. Re1 e6 15. Qc2 Qc7 16. Bf4 e5 17. Bd2 h6 18. b3 Kh7 19. Ra2 Ng8 20. h4 Ne7 21. h5 Ra6 22. Be2 Rea8 23. Rea1 Nf6 24. Nh2 Bc8 25. Nhf1 Qb6 26. a4 R6a7 27. Ne3 Qd8 28. Re1 Bd7 29. Bf3 Qc8 30. Qd1 1/2-1/2

[Event "SD-2016-0-00253"]
[Site "LSS email"]
[Date "2016.03.03"]
[Round "?"]
[White "Metz, Larry R"]
[Black "Glowinski, Daniel"]
[Result "1-0"]
[WhiteElo "1613"]
[BlackElo "1445"]
[PlyCount "81"]
[EventDate "2016.01.20"]
[EventType "tourn (corr)"]
[EventRounds "6"]
[EventCountry "GER"]
[SourceTitle "Corr 2022"]
[Source "ChessBase"]
[SourceDate "2021.10.24"]
[SourceVersion "1"]
[SourceVersionDate "2021.10.24"]
[SourceQuality "1"]

1. e4 e5 2. Nf3 Nf6 3. Nc3 d6 4. d4 exd4 5. Nxd4 Be7 6. Bf4 Nc6 7. Be2 0-0 8. 0-0 Ne5 9. Re1 c6 10. Qd2 h6 11. Bg3 Qb6 12. b3 Re8 13. h3 Bd8 14. a3 Bd7 15. Nf3 Qc7 16. Red1 Be7 17. Nh4 c5 18. Qe3 a6 19. Nf3 Rad8 20. a4 Bc6 21. Nh4 Bf8 22. a5 d5 23. exd5 Nxd5 24. Nxd5 Rxd5 25. Rxd5 Bxd5 26. Rd1 Qxa5 27. Rxd5 Qe1+ 28. Bf1 Qxe3 29. fxe3 Nc6 30. Kf2 Nb4 31. Rd7 Re7 32. Rd8 Nc6 33. Rc8 Rd7 34. Bd3 g6 35. Nf3 Na7 36. Re8 Nc6 37. Be4 Nb4 38. Rc8 Re7 39. Bd6 Rxe4 40. Ne5 c4 41. Bxf8 1-0

[Event "SC-2016-0-00282"]
[Site "LSS email"]
[Date "2016.01.21"]
[Round "?"]
[White "Almeraya, Eduardo"]
[Black "Metz, Larry R"]
[Result "1-0"]
[WhiteElo "2010"]
[BlackElo "1595"]
[PlyCount "55"]
[EventDate "2015.11.28"]
[EventType "tourn (corr)"]
[EventRounds "6"]
[EventCountry "GER"]
[SourceTitle "Corr 2022"]
[Source "ChessBase"]
[SourceDate "2021.10.24"]
[SourceVersion "1"]
[SourceVersionDate "2021.10.24"]
[SourceQuality "1"]

1. Nf3 d5 2. d4 Nc6 3. c4 e6 4. Nc3 Nf6 5. a3 Be7 6. e3 0-0 7. b4 a6 8. Qc2 g6 9. Bb2 Bd7 10. Rd1 Qe8 11. Ne5 Bd6 12. Nxd7 Qxd7 13. c5 Be7 14. Be2 b6 15. g4 bxc5 16. dxc5 Qc8 17. g5 Ne8 18. h4 Ng7 19. h5 Qb7 20. hxg6 fxg6 21. Nxd5 exd5 22. Rxd5 Rf7 23. Bc4 Raf8 24. Qc3 Na7 25. Rh2 Nb5 26. Qe5 Nxa3 27. Bxa3 h5 28. gxh6 1-0

[Event "SD-2016-0-00249"]
[Site "LSS email"]
[Date "2016.01.21"]
[Round "?"]
[White "Lipsits, Sasha"]
[Black "Metz, Larry R"]
[Result "0-1"]
[WhiteElo "1538"]
[BlackElo "1608"]
[PlyCount "102"]
[EventDate "2015.12.24"]
[EventType "tourn (corr)"]
[EventRounds "6"]
[EventCountry "GER"]
[SourceTitle "Corr 2022"]
[Source "ChessBase"]
[SourceDate "2021.10.24"]
[SourceVersion "1"]
[SourceVersionDate "2021.10.24"]
[SourceQuality "1"]

1. e4 e5 2. Nf3 Nc6 3. Bb5 f5 4. d3 fxe4 5. dxe4 Nf6 6. 0-0 Bc5 7. Nc3 d6 8. Bg5 0-0 9. Nd5 Be6 10. c3 Ne7 11. Nxf6+ gxf6 12. Bh6 Rf7 13. b4 Bb6 14. Qc2 c6 15. Bd3 d5 16. c4 Qd7 17. Rad1 a5 18. b5 Rc8 19. Qb3 d4 20. bxc6 Qxc6 21. Rb1 Bc5 22. Qxb7 Qxb7 23. Rxb7 Nc6 24. Rxf7 Kxf7 25. Bd2 Nb4 26. Bxb4 axb4 27. Rc1 Ra8 28. Rc2 b3 29. axb3 Ra1+ 30. Bf1 Bb4 31. Rb2 d3 32. Nd2 Rd1 33. Nf3 Bg4 34. c5 Rc1 35. c6 Bxf3 36. gxf3 d2 37. Rxd2 Bxd2 38. Kg2 Rxc6 39. Bc4+ Kg6 40. h4 Rc7 41. Kh3 Be1 42. Kg4 h5+ 43. Kg3 Ra7 44. f4 Ra2 45. fxe5 fxe5 46. Kf3 Rxf2+ 47. Ke3 Ra2 48. Bb5 Bxh4 49. b4 Bf2+ 50. Kf3 Bd4 51. Bc4 Rf2+ 0-1

[Event "SD-2016-0-00249"]
[Site "LSS email"]
[Date "2016.01.21"]
[Round "?"]
[White "Metz, Larry R"]
[Black "Linart, Ludvik"]
[Result "1/2-1/2"]
[WhiteElo "1608"]
[BlackElo "1603"]
[PlyCount "34"]
[EventDate "2015.12.24"]
[EventType "tourn (corr)"]
[EventRounds "6"]
[EventCountry "GER"]
[SourceTitle "Corr 2022"]
[Source "ChessBase"]
[SourceDate "2021.10.24"]
[SourceVersion "1"]
[SourceVersionDate "2021.10.24"]
[SourceQuality "1"]

1. e4 e5 2. Nf3 Nc6 3. d4 exd4 4. Nxd4 Bc5 5. Be3 Bxd4 6. Bxd4 Nf6 7. Nc3 0-0 8. Bb5 Re8 9. f3 Nxd4 10. Qxd4 c6 11. Bd3 d5 12. 0-0-0 dxe4 13. Qxd8 Rxd8 14. Bxe4 Be6 15. b3 g6 16. Kb2 Kg7 17. Rhe1 Rxd1 1/2-1/2